| 000 | 00685cam a2200229u 4500 | ||
|---|---|---|---|
| 001 | 10316 | ||
| 003 | BD-RjUL | ||
| 005 | 20211208234932.0 | ||
| 008 | 810429s1959 maua 000 0 eng d | ||
| 035 | _a(BD-RjUL)10364 | ||
| 040 |
_aDLC _cCarP _dDLC _d(BD-RjUL) _beng |
||
| 041 | _aeng | ||
| 082 | 0 | 4 |
_223 _a 547 _bFIB 1959 |
| 100 | 1 |
_aFieser, Louis F. _q(Louis Frederick), _d1899-1977. _931871 |
|
| 245 | 1 | 0 |
_aBasic organic chemistry / _cFieser, Louis F. |
| 260 |
_aBoston : _bHeath , _c[c1959] |
||
| 300 |
_a369 p. : _billus. ; _c24 cm. |
||
| 650 | 0 |
_aChemistry, Organic. _931872 |
|
| 700 | 1 |
_aFieser, Mary, _d1909-1997, _ejoint author. _931873 |
|
| 942 |
_2ddc _cBK |
||
| 999 |
_c10316 _d10316 |
||